[Event "SC Doppelbauer Brambauer 1 - Hervest-Do"]
[Site "Verbandsklasse - Gr. 3 2019/2"]
[Date "2019.10.27"]
[Round "2.1"]
[White "Tig, Achmet"]
[Black "Koth, Stefan"]
[Result "1/2-1/2"]
[WhiteElo "1967"]
[BlackElo "2052"]
[PlyCount "72"]
[EventDate "2019.??.??"]

1. d4 d5 2. Nf3 Nf6 3. c4 c6 4. Nc3 dxc4 5. a4 Nd5 6. e4 Nxc3 7. bxc3 b5 8. Rb1
a6 9. Ba3 e6 10. Bxf8 Kxf8 11. Qd2 Qc7 12. Be2 Nd7 13. O-O Bb7 14. Rfd1 Nb6 15.
axb5 cxb5 16. Ne5 f6 17. Qf4 Kg8 18. Qg4 Re8 19. Nf3 h5 20. Qg6 Qf7 21. Qxf7+
Kxf7 22. Nd2 Re7 23. Rb4 g6 24. f3 Rd8 25. Ra1 f5 26. Kf2 Nd7 27. Nxc4 Nf6 28.
Ne5+ Kg7 29. exf5 gxf5 30. Nd3 Nd5 31. Rb3 Nc7 32. Nc5 Bc8 33. Nd3 Kf6 34. Ne5
Rg7 35. f4 Bb7 36. Bf3 Bxf3 1/2-1/2

[Event "SC Doppelbauer Brambauer 1 - Hervest-Do"]
[Site "Verbandsklasse - Gr. 3 2019/2"]
[Date "2019.10.27"]
[Round "2.2"]
[White "Remmler, Volker"]
[Black "Hermanowski, Mark"]
[Result "0-1"]
[WhiteElo "2031"]
[BlackElo "1881"]
[PlyCount "110"]
[EventDate "2019.??.??"]

1. d4 e6 2. c4 b6 3. Nf3 Bb7 4. e3 Nc6 5. Nc3 h6 6. Bd3 g5 7. O-O Bg7 8. a3 Qe7
9. b4 f5 10. b5 Nd8 11. Bb2 Nf7 12. Rc1 g4 13. Nd2 Qg5 14. c5 Ne7 15. Ne2 O-O
16. Nc4 Ng6 17. Qc2 Nh4 18. e4 f4 19. c6 dxc6 20. bxc6 Ba6 21. g3 Nf3+ 22. Kg2
Qh5 23. h4 Nxh4+ 24. gxh4 f3+ 25. Kg3 fxe2 26. Rh1 Nd6 27. Ne3 Rf3+ 28. Kg2
Bxd3 29. Qxd3 Raf8 30. Qxe2 Rxf2+ 31. Qxf2 Rxf2+ 32. Kxf2 Nxe4+ 33. Kg2 Qb5 34.
Rc2 Qd3 35. Re1 Nf6 36. Ree2 Qe4+ 37. Kg1 Nh5 38. Ng2 Qd5 39. Red2 Ng3 40. a4
Qf3 41. d5 Bxb2 42. Rxb2 exd5 43. a5 Qf1+ 44. Kh2 Nh5 45. Rb4 g3+ 46. Kh3 Qf5+
47. Rg4+ Kh7 48. Ne3 Qf3 49. Ng2 Qf1 50. Rxg3 Nxg3 51. Kxg3 Qc4 52. axb6 axb6
53. Nf4 Qxc6 54. Rxd5 b5 55. h5 b4 0-1

[Event "SC Doppelbauer Brambauer 1 - Hervest-Do"]
[Site "Verbandsklasse - Gr. 3 2019/2"]
[Date "2019.10.27"]
[Round "2.3"]
[White "Nowok, Frank"]
[Black "Schulz, Hartmut"]
[Result "1/2-1/2"]
[WhiteElo "1865"]
[BlackElo "2035"]
[PlyCount "25"]
[EventDate "2019.??.??"]

1. c4 e5 2. g3 Nc6 3. Bg2 Nf6 4. Nc3 Bc5 5. a3 a5 6. e3 O-O 7. Nge2 d6 8. O-O
Bg4 9. h3 Bh5 10. b3 Re8 11. d3 Rb8 12. Bb2 Bb6 13. Qd2 1/2-1/2

[Event "SC Doppelbauer Brambauer 1 - Hervest-Do"]
[Site "Verbandsklasse - Gr. 3 2019/2"]
[Date "2019.10.27"]
[Round "2.4"]
[White "Bracht, Michael"]
[Black "Vengels, Joachim"]
[Result "1/2-1/2"]
[WhiteElo "1922"]
[BlackElo "1969"]
[PlyCount "39"]
[EventDate "2019.??.??"]

1. d4 d5 2. Nf3 Nf6 3. e3 Bf5 4. Bd3 Bg6 5. Ne5 e6 6. Qe2 Nbd7 7. Bxg6 hxg6 8.
Nd2 c6 9. Nxd7 Qxd7 10. c3 Bd6 11. g3 e5 12. dxe5 Bxe5 13. Nf3 Bc7 14. Bd2 Qf5
15. Nd4 Qe4 16. O-O-O O-O-O 17. f3 Qe7 18. Kb1 Rh3 19. Rhg1 Bb6 20. Rg2 1/2-1/2

[Event "SC Doppelbauer Brambauer 1 - Hervest-Do"]
[Site "Verbandsklasse - Gr. 3 2019/2"]
[Date "2019.10.27"]
[Round "2.5"]
[White "Hater, Norbert"]
[Black "Zimmermann, Dirk"]
[Result "1/2-1/2"]
[WhiteElo "1843"]
[BlackElo "1846"]
[PlyCount "24"]
[EventDate "2019.??.??"]

1. d4 Nf6 2. Nc3 g6 3. e4 d6 4. f4 Bg7 5. Nf3 O-O 6. Bd3 Nc6 7. O-O e5 8. d5
Ne7 9. fxe5 dxe5 10. Bg5 h6 11. Bh4 Nh5 12. Ne2 g5 1/2-1/2

[Event "SC Doppelbauer Brambauer 1 - Hervest-Do"]
[Site "Verbandsklasse - Gr. 3 2019/2"]
[Date "2019.10.27"]
[Round "2.6"]
[White "Jochmann, Christian"]
[Black "Buesken, Klaus"]
[Result "1/2-1/2"]
[WhiteElo "1862"]
[BlackElo "1820"]
[PlyCount "92"]
[EventDate "2019.??.??"]

1. e4 c5 2. Nc3 Nc6 3. g3 g6 4. Bg2 Bg7 5. d3 d6 6. f4 e6 7. Nf3 Nge7 8. O-O
O-O 9. Be3 Nd4 10. Qd2 Nec6 11. Nd1 Bd7 12. Nh4 e5 13. f5 Bf6 14. c3 Nb5 15.
Bh6 Re8 16. fxg6 fxg6 17. Qf2 g5 18. Qxf6 Qxf6 19. Rxf6 gxh4 20. a4 Nc7 21.
gxh4 Re6 22. Rxe6 Bxe6 23. Ne3 Nd8 24. Nd5 Nxd5 25. exd5 Bd7 26. a5 Nf7 27. Be3
Bf5 28. d4 exd4 29. cxd4 Re8 30. Kf2 cxd4 31. Bxd4 Ne5 32. Bxe5 Rxe5 33. Rc1
Re7 34. Rc3 Bg6 35. Re3 Rxe3 36. Kxe3 Kf7 37. Bh3 Kf6 38. Kf4 Bd3 39. Bc8 b6
40. axb6 axb6 41. Bg4 h6 42. Bf3 Bf5 43. Be4 Bd7 44. Bh7 Ba4 45. Bd3 Bd7 46.
Bh7 Ba4 1/2-1/2

[Event "SC Doppelbauer Brambauer 1 - Hervest-Do"]
[Site "Verbandsklasse - Gr. 3 2019/2"]
[Date "2019.10.27"]
[Round "2.7"]
[White "Kudsin, Alexander"]
[Black "Rips, Frank"]
[Result "1/2-1/2"]
[WhiteElo "1743"]
[BlackElo "1818"]
[PlyCount "92"]
[EventDate "2019.??.??"]

1. d4 d5 2. Nf3 Nf6 3. c4 e6 4. Bg5 Be7 5. e3 O-O 6. Nbd2 b6 7. cxd5 exd5 8.
Qc2 Bb7 9. Rc1 Bd6 10. Ne5 c5 11. f4 Qe8 12. Bxf6 gxf6 13. Ng4 Nd7 14. Qf5 c4
15. Kf2 Qe6 16. Qh5 f5 17. Nh6+ Kh8 18. Qxf5 Qxh6 19. Qxd7 Bc8 20. Qc6 Bxf4 21.
Qxh6 Bxh6 22. Rc3 b5 23. a3 a5 24. Be2 b4 25. Rcc1 Re8 26. Nf1 bxa3 27. bxa3
Rb8 28. Bd1 Rb2+ 29. Kf3 Bf5 30. Rg1 Be4+ 31. Kg4 Rg8+ 32. Kh4 Rgxg2 33. Rxg2
Bxg2 34. Bh5 Rf2 35. Ng3 Bxe3 36. Rb1 Rf4+ 37. Bg4 Bf3 38. Rb8+ Kg7 39. Nh5+
Kh6 40. Rb6+ f6 41. Nxf4 Bxd4 42. Rb5 Be4 43. Rxa5 c3 44. Kg3 c2 45. Ne2 Be5+
46. Kf2 Bd4+ 1/2-1/2

[Event "SC Doppelbauer Brambauer 1 - Hervest-Do"]
[Site "Verbandsklasse - Gr. 3 2019/2"]
[Date "2019.10.27"]
[Round "2.8"]
[White "Gregoritsch, Dirk"]
[Black "Schmidt, Christian"]
[Result "1-0"]
[WhiteElo "1714"]
[BlackElo "1636"]
[PlyCount "145"]
[EventDate "2019.??.??"]

1. Nf3 Nf6 2. g3 c5 3. Bg2 g6 4. O-O Bg7 5. d4 O-O 6. c4 d6 7. Nc3 Nc6 8. d5
Na5 9. Qd3 a6 10. Nd2 Rb8 11. h3 b5 12. e4 Nxc4 13. Nxc4 bxc4 14. Qxc4 Rb4 15.
Qe2 Nd7 16. a3 Rb3 17. Qc2 Qb6 18. Na4 Qb5 19. Nc3 Qc4 20. Bg5 f6 21. Be3 Rb8
22. f4 a5 23. Rf2 Qb3 24. Bf1 a4 25. g4 Qxc2 26. Rxc2 Nb6 27. f5 Bd7 28. Rac1
Kf7 29. Rf2 g5 30. Rcc2 Na8 31. h4 gxh4 32. Rh2 h5 33. gxh5 Rg8 34. Kh1 Rh8 35.
Rxh4 Bh6 36. Bxh6 Rxh6 37. Rg2 Rg8 38. Rxg8 Kxg8 39. Kg2 Rh8 40. Rh2 Kh7 41.
Kf3 Rb8 42. Ke3 Nc7 43. Rc2 Be8 44. Be2 Kh6 45. Bd1 Na8 46. Rh2 Nb6 47. Be2 Na8
48. Bd3 Bd7 49. Kf4 Rg8 50. Nd1 Rb8 51. Ne3 Nb6 52. Ng4+ Kh7 53. Rg2 Rg8 54.
Be2 Be8 55. Bd1 Nc4 56. Rc2 Nb6 57. Ne3 Bb5 58. Be2 Bd7 59. Nc4 Rb8 60. Na5 Nc8
61. Bc4 Na7 62. Ba6 Bc8 63. Bxc8 Rxc8 64. Rc4 Rb8 65. Rxa4 Rxb2 66. Nc6 Nb5 67.
Nxe7 Rb3 68. Nc8 Kh6 69. Ra8 Kxh5 70. Nxd6 Kh6 71. Rb8 c4 72. Rxb5 Rxa3 73.
Nxc4 1-0

[Event "SV Rot-Weiß-Altenessen 1 - SG Mengede 1"]
[Site "Verbandsklasse - Gr. 3 2019/2"]
[Date "2019.10.27"]
[Round "2.1"]
[White "Borgschulze, Maik"]
[Black "Praß, Marian"]
[Result "1/2-1/2"]
[WhiteElo "2111"]
[BlackElo "2018"]
[PlyCount "37"]
[EventDate "2019.??.??"]

1. c4 Nf6 2. Nc3 g6 3. g3 c5 4. Bg2 Bg7 5. Nf3 Nc6 6. O-O O-O 7. d4 cxd4 8.
Nxd4 Nxd4 9. Qxd4 d6 10. Qd3 Qc7 11. Bg5 Be6 12. b3 a6 13. Rac1 Rab8 14. Be3
Qa5 15. Ba7 Ra8 16. Bd4 Rab8 17. Ba7 Ra8 18. Bd4 Rab8 19. Ba7 1/2-1/2

[Event "SV Rot-Weiß-Altenessen 1 - SG Mengede 1"]
[Site "Verbandsklasse - Gr. 3 2019/2"]
[Date "2019.10.27"]
[Round "2.2"]
[White "Rohloff, Markus"]
[Black "Delvos, Thorsten"]
[Result "1/2-1/2"]
[WhiteElo "1885"]
[BlackElo "1991"]
[PlyCount "53"]
[EventDate "2019.??.??"]

1. e4 c5 2. Nf3 Nc6 3. d4 cxd4 4. Nxd4 Nf6 5. Nc3 e5 6. Ndb5 d6 7. Bg5 a6 8.
Bxf6 gxf6 9. Na3 b5 10. Nd5 Bg7 11. c4 f5 12. cxb5 Nd4 13. b6 O-O 14. Bd3 Bb7
15. Nc4 Rc8 16. Rc1 fxe4 17. Bxe4 Bxd5 18. Bxd5 Rc5 19. Ne3 Qxb6 20. Rxc5 Qxc5
21. O-O Kh8 22. b3 f5 23. Bc4 f4 24. Nc2 Nxc2 25. Qxc2 d5 26. Bd3 Qxc2 27. Bxc2
1/2-1/2

[Event "SV Rot-Weiß-Altenessen 1 - SG Mengede 1"]
[Site "Verbandsklasse - Gr. 3 2019/2"]
[Date "2019.10.27"]
[Round "2.3"]
[White "Bork, Sophie"]
[Black "Birdaini, Becir"]
[Result "1-0"]
[WhiteElo "1888"]
[BlackElo "2000"]
[PlyCount "63"]
[EventDate "2019.??.??"]

1. e4 c6 2. c4 g6 3. Nc3 Bg7 4. Nf3 d6 5. Be2 Nd7 6. O-O e6 7. d4 Ne7 8. Be3
O-O 9. Qc1 b6 10. Bh6 Ba6 11. Bxg7 Kxg7 12. Rd1 Rc8 13. Qe3 Re8 14. Qf4 Nb8 15.
Ng5 Rf8 16. h4 Ng8 17. e5 h6 18. Nge4 d5 19. Nd6 Rc7 20. cxd5 Bxe2 21. Nxe2
exd5 22. Rd3 Qe7 23. Rg3 Qe6 24. h5 Rd7 25. hxg6 fxg6 26. Qd2 Ne7 27. Nf4 Qg8
28. Nh5+ Kh7 29. Nf6+ Rxf6 30. exf6 Nc8 31. Nxc8 Qxc8 32. Re1 1-0

[Event "SV Rot-Weiß-Altenessen 1 - SG Mengede 1"]
[Site "Verbandsklasse - Gr. 3 2019/2"]
[Date "2019.10.27"]
[Round "2.4"]
[White "Kordonowski, Frank"]
[Black "Ewers, Christian"]
[Result "1-0"]
[WhiteElo "1959"]
[BlackElo "1781"]
[Annotator "Daniel"]
[PlyCount "71"]
[EventDate "2019.??.??"]

1. Nf3 g6 2. g3 Bg7 3. Bg2 e5 4. O-O Nc6 5. c4 Nge7 6. Nc3 O-O 7. Nd5 d6 8. d3
h6 9. Rb1 Bg4 10. h3 Be6 11. e4 Qd7 12. Kh2 f5 13. b4 Nd8 14. Nh4 Kh7 15. Nxe7
Qxe7 16. exf5 gxf5 17. f4 Bf6 18. Nf3 Rb8 $11 19. fxe5 dxe5 20. Be3 b6 21. Qd2
Nf7 22. Qc2 Kh8 23. d4 e4 24. Ng1 Bg5 25. Bf4 Nd6 26. d5 Bg8 27. Ne2 Qg7 28. h4
Bf6 29. c5 Nb5 30. Qa4 bxc5 31. bxc5 Bxd5 32. Rxb5 Bc6 33. Rfb1 Rxb5 34. Rxb5
Qd7 35. Qb4 Bxb5 36. c6 1-0

[Event "SV Rot-Weiß-Altenessen 1 - SG Mengede 1"]
[Site "Verbandsklasse - Gr. 3 2019/2"]
[Date "2019.10.27"]
[Round "2.5"]
[White "Kraus, Reinhard"]
[Black "Cavasin, Joerg"]
[Result "0-1"]
[WhiteElo "1773"]
[BlackElo "1913"]
[PlyCount "84"]
[EventDate "2019.??.??"]

1. c4 e5 2. g3 Nf6 3. Bg2 Nc6 4. Nc3 d6 5. d3 Nd4 6. e3 Nf5 7. Nge2 Be7 8. O-O
O-O 9. h3 g6 10. Rb1 a5 11. Bd2 c6 12. Qb3 Rb8 13. Bxc6 bxc6 14. Qxb8 Qd7 15.
Qb3 Nh6 16. f3 Qxh3 17. Kf2 Qh2+ 18. Ke1 Nh5 19. Kd1 Nxg3 20. Nxg3 Qxg3 21. Kc2
Nf5 22. Ne4 Qh2 23. Rf2 Qh6 24. Re2 d5 25. cxd5 a4 26. Qc4 Bd7 27. d6 Nxd6 28.
Nxd6 Bxd6 29. Qxa4 Qh3 30. f4 exf4 31. exf4 Bf5 32. Qc4 Rd8 33. Rbe1 Bf8 34.
Re3 Qg2 35. a4 Rd5 36. Kc3 Rc5 37. Qxc5 Bxc5 38. Re8+ Kg7 39. R1e2 Qd5 40. Kc2
Qxd3+ 41. Kd1 Qc2+ 42. Ke1 Qb1+ 0-1

[Event "SV Rot-Weiß-Altenessen 1 - SG Mengede 1"]
[Site "Verbandsklasse - Gr. 3 2019/2"]
[Date "2019.10.27"]
[Round "2.6"]
[White "Metzner, Carsten"]
[Black "Schmidt, Jonas"]
[Result "0-1"]
[WhiteElo "1771"]
[BlackElo "1685"]
[PlyCount "76"]
[EventDate "2019.??.??"]

1. c4 e5 2. Nc3 Nf6 3. e3 Nc6 4. a3 d6 5. g3 Be7 6. Bg2 Bf5 7. d4 exd4 8. exd4
O-O 9. Nge2 Na5 10. Qa4 c5 11. O-O Bd3 12. Rd1 Bxc4 13. b4 Nb3 14. Rb1 Nxc1 15.
Rbxc1 cxb4 16. axb4 d5 17. Nf4 Qd6 18. Ne4 Nxe4 19. Bxe4 b5 20. Bxh7+ Kxh7 21.
Qc2+ Kg8 22. Qf5 Qf6 23. Qg4 Bxb4 24. h4 Bd6 25. Rxc4 dxc4 26. Nd5 Qg6 27. Qf3
Rfe8 28. h5 Qe4 29. Nf6+ gxf6 30. Qxf6 Re6 31. Qg5+ Kh8 32. d5 Be7 33. Qd2 Rd6
34. Re1 Qxd5 35. Qf4 Bg5 36. Qg4 Rg8 37. f4 Qd4+ 38. Kh2 Qf2+ 0-1

[Event "SV Rot-Weiß-Altenessen 1 - SG Mengede 1"]
[Site "Verbandsklasse - Gr. 3 2019/2"]
[Date "2019.10.27"]
[Round "2.7"]
[White "Ropel, Dennis"]
[Black "Avgustin, Thomas"]
[Result "1-0"]
[WhiteElo "1653"]
[BlackElo "1717"]
[PlyCount "119"]
[EventDate "2019.??.??"]

1. c4 Nf6 2. g3 e6 3. Bg2 d5 4. cxd5 exd5 5. d4 Bf5 6. Nf3 c6 7. Nc3 Bd6 8. O-O
O-O 9. a3 Re8 10. Bg5 Nbd7 11. b4 h6 12. Bd2 Ne4 13. Rc1 Qf6 14. Be3 Nb6 15.
Nxe4 Rxe4 16. Ne5 Rxe3 17. fxe3 Qe6 18. Qb3 Bxe5 19. dxe5 Nc4 20. e4 Bh3 21.
exd5 cxd5 22. Bxh3 Qxh3 23. Qc3 b5 24. Qd4 Re8 25. Qxd5 Rxe5 26. Qxf7+ Kh7 27.
Rf2 Ne3 28. Qf4 Ng4 29. Rc5 Rxc5 30. bxc5 Nxf2 31. Qxf2 Qe6 32. Qf3 a5 33. Qd3+
g6 34. Qxb5 Qe3+ 35. Kf1 Qxa3 36. Qd7+ Kg8 37. c6 Qa1+ 38. Kf2 Qf6+ 39. Kg2 Qe5
40. Kf2 Qf6+ 41. Kg1 Qa1+ 42. Kg2 Qe5 43. Qd3 Kg7 44. Qc4 Qc7 45. Qe6 Kf8 46.
Qf6+ Ke8 47. Qxg6+ Ke7 48. Kf3 a4 49. Qe4+ Kd6 50. Qxa4 Qg7 51. Qe4 h5 52. e3
Kc7 53. Qe6 Qf8+ 54. Kg2 h4 55. Qd7+ Kb6 56. c7 h3+ 57. Kxh3 Qf3 58. Qd4+ Kb7
59. Qb4+ Ka7 60. Qb8+ 1-0

[Event "SV Rot-Weiß-Altenessen 1 - SG Mengede 1"]
[Site "Verbandsklasse - Gr. 3 2019/2"]
[Date "2019.10.27"]
[Round "2.8"]
[White "Drawe, Thomas"]
[Black "Stockhausen, Arnd"]
[Result "1/2-1/2"]
[WhiteElo "1836"]
[BlackElo "1610"]
[PlyCount "47"]
[EventDate "2019.??.??"]

1. c4 e5 2. g3 Nc6 3. Bg2 Nf6 4. Nc3 Be7 5. e3 O-O 6. Nge2 d6 7. O-O Bd7 8. b3
Qc8 9. Bb2 Bh3 10. a3 Bxg2 11. Kxg2 Nd8 12. Rc1 c5 13. d4 Qf5 14. Qc2 Qh5 15.
dxc5 dxc5 16. Nd5 Nxd5 17. cxd5 f6 18. Rcd1 Bd6 19. Nc3 Nf7 20. Qe2 Qxe2 21.
Nxe2 Rfe8 22. e4 b5 23. Rc1 Rab8 24. h4 1/2-1/2

[Event "SG Höntrop 1 - DJK Wacker Bergeborbeck "]
[Site "Verbandsklasse - Gr. 3 2019/2"]
[Date "2019.10.27"]
[Round "2.1"]
[White "Landscheidt, Heinz"]
[Black "Oberbarnscheidt, Ludger"]
[Result "1/2-1/2"]
[WhiteElo "1824"]
[BlackElo "1968"]
[PlyCount "28"]
[EventDate "2019.??.??"]

1. c4 c6 2. d4 d5 3. cxd5 cxd5 4. Nc3 Nf6 5. Nf3 Nc6 6. Bf4 Bf5 7. e3 e6 8. Bd3
Bxd3 9. Qxd3 Bd6 10. Bxd6 Qxd6 11. O-O O-O 12. Rfc1 Rfc8 13. a3 a6 14. b4 b5
1/2-1/2

[Event "SG Höntrop 1 - DJK Wacker Bergeborbeck "]
[Site "Verbandsklasse - Gr. 3 2019/2"]
[Date "2019.10.27"]
[Round "2.2"]
[White "Rostek, Joerg"]
[Black "Grodotzki, Thomas"]
[Result "1/2-1/2"]
[WhiteElo "1902"]
[BlackElo "1955"]
[PlyCount "34"]
[EventDate "2019.??.??"]

1. Nf3 Nf6 2. c4 e6 3. g3 d5 4. Bg2 Be7 5. O-O O-O 6. d4 c6 7. Qc2 Ne4 8. b3
Nd7 9. Rd1 f5 10. e3 g5 11. Bb2 Qe8 12. Nfd2 Ndf6 13. f3 Nxd2 14. Nxd2 f4 15.
e4 Qg6 16. Rac1 Bd7 17. e5 Qxc2 1/2-1/2

[Event "SG Höntrop 1 - DJK Wacker Bergeborbeck "]
[Site "Verbandsklasse - Gr. 3 2019/2"]
[Date "2019.10.27"]
[Round "2.3"]
[White "Mombeck, Michael"]
[Black "Peters, Michael"]
[Result "0-1"]
[WhiteElo "1980"]
[BlackElo "1965"]
[PlyCount "82"]
[EventDate "2019.??.??"]

1. e4 d6 2. d4 e5 3. Nf3 Nd7 4. Nc3 c6 5. Be2 Be7 6. O-O Ngf6 7. a4 a5 8. h3
O-O 9. Re1 Re8 10. Bf1 Qc7 11. Bg5 Nf8 12. d5 h6 13. Bxf6 Bxf6 14. Nh2 g6 15.
Qf3 Qe7 16. Ng4 Bg7 17. Ne3 Nh7 18. Rad1 c5 19. Nc4 f5 20. Nb6 Ng5 21. Qd3 fxe4
22. Qg3 Rb8 23. h4 Nf7 24. Nxc8 Rbxc8 25. Rxe4 g5 26. Be2 gxh4 27. Rxh4 Kh8 28.
Bd3 Rg8 29. Rg4 Bf6 30. Re1 Rxg4 31. Qxg4 Rg8 32. Qf5 Ng5 33. Re3 Rf8 34. Rg3
e4 35. Nxe4 Be5 36. Qg6 Bxg3 37. Qxh6+ Kg8 38. Nxg3 Qf6 39. Nf5 Qxh6 40. Nxh6+
Kh8 41. Nf5 c4 0-1

[Event "SG Höntrop 1 - DJK Wacker Bergeborbeck "]
[Site "Verbandsklasse - Gr. 3 2019/2"]
[Date "2019.10.27"]
[Round "2.4"]
[White "Klumpe, Gerhard"]
[Black "Brandhorst, Dieter"]
[Result "1/2-1/2"]
[WhiteElo "1959"]
[BlackElo "1908"]
[PlyCount "29"]
[EventDate "2019.??.??"]

1. e4 d5 2. exd5 Nf6 3. d4 Bg4 4. Be2 Bxe2 5. Qxe2 Qxd5 6. Nf3 Nc6 7. c3 O-O-O
8. O-O e6 9. b4 Bd6 10. b5 Na5 11. Nbd2 Rhe8 12. c4 Qh5 13. h3 e5 14. Qd1 exd4
15. Qa4 1/2-1/2

[Event "SG Höntrop 1 - DJK Wacker Bergeborbeck "]
[Site "Verbandsklasse - Gr. 3 2019/2"]
[Date "2019.10.27"]
[Round "2.5"]
[White "Schaedlich, Andreas"]
[Black "Barth, Hans-Joachim"]
[Result "1/2-1/2"]
[WhiteElo "1882"]
[BlackElo "1678"]
[PlyCount "27"]
[EventDate "2019.??.??"]

1. e4 c5 2. Bc4 e6 3. Nc3 Nc6 4. Nf3 a6 5. a3 Qc7 6. d3 Nf6 7. O-O Be7 8. Bg5
h6 9. Bh4 d6 10. Re1 O-O 11. Qd2 Nd4 12. Nxd4 cxd4 13. Nd1 b5 14. Ba2 1/2-1/2

[Event "SG Höntrop 1 - DJK Wacker Bergeborbeck "]
[Site "Verbandsklasse - Gr. 3 2019/2"]
[Date "2019.10.27"]
[Round "2.6"]
[White "Geistmeier, Frank"]
[Black "Alinsug, Salvadore"]
[Result "1/2-1/2"]
[WhiteElo "1766"]
[BlackElo "1714"]
[Annotator "Daniel"]
[PlyCount "66"]
[EventDate "2019.??.??"]

1. d4 e6 2. e4 c5 3. c3 b6 4. d5 d6 5. c4 Bd7 6. Nc3 e5 7. h3 Ne7 8. Bd3 Ng6 9.
Nf3 Be7 10. O-O O-O 11. Nh2 Na6 12. a3 Nc7 13. Ng4 Bg5 $11 14. Nh2 Nf4 15. Nf3
Bh6 16. Ne2 g5 17. Nxf4 gxf4 18. Kh2 Qf6 19. Rg1 Kh8 20. Bd2 Rg8 21. Qe2 Rg6
22. Raf1 Rag8 23. g3 fxg3+ 24. fxg3 Qg7 25. Be1 Ne8 26. Nh4 Rf6 27. Rxf6 Nxf6
28. Nf5 Bxf5 29. exf5 Re8 30. Bc2 Qg5 31. Bf2 Rg8 32. g4 Qd2 33. Qxd2 Bxd2
1/2-1/2

[Event "SG Höntrop 1 - DJK Wacker Bergeborbeck "]
[Site "Verbandsklasse - Gr. 3 2019/2"]
[Date "2019.10.27"]
[Round "2.7"]
[White "Grimke, Michael"]
[Black "Koch, Burkhard"]
[Result "1-0"]
[WhiteElo "1708"]
[BlackElo "1713"]
[PlyCount "87"]
[EventDate "2019.??.??"]

1. d4 Nf6 2. Nc3 d5 3. e4 dxe4 4. f3 e3 5. Bc4 e6 6. Bxe3 Nd5 7. Nxd5 exd5 8.
Bd3 Bd6 9. f4 Qe7 10. Qe2 Bg4 11. Nf3 Nc6 12. Bb5 O-O 13. O-O Rfe8 14. Rae1 Qf6
15. Qd2 Bxf3 16. Rxf3 Re4 17. Bd3 Re7 18. c3 Rae8 19. Ref1 Nd8 20. Rh3 h6 21.
f5 c5 22. Bxh6 gxh6 23. Rxh6 Re2 24. Bxe2 Rxe2 25. Rxf6 Rxd2 26. Rxd6 Nc6 27.
dxc5 Ne5 28. Rd8+ Kg7 29. f6+ Kh7 30. h3 Nc4 31. Rf4 Ne3 32. Rh4+ Kg6 33. Rg8+
Kxf6 34. Rd4 Rxb2 35. Rd3 Rb1+ 36. Kf2 Nf5 37. g4 Rb2+ 38. Ke1 Nh4 39. a4 Ke6
40. Rh8 Ng2+ 41. Kf1 Nf4 42. Rh6+ Ng6 43. Re3+ Kf6 44. Rh5 1-0

[Event "SG Höntrop 1 - DJK Wacker Bergeborbeck "]
[Site "Verbandsklasse - Gr. 3 2019/2"]
[Date "2019.10.27"]
[Round "2.8"]
[White "Remshagen, Peter"]
[Black "Gerhardt, Ralf"]
[Result "1-0"]
[WhiteElo "1608"]
[BlackElo "1705"]
[PlyCount "71"]
[EventDate "2019.??.??"]

1. c4 Nf6 2. Nc3 g6 3. g3 Bg7 4. Bg2 O-O 5. Nf3 c5 6. O-O Nc6 7. d3 d5 8. cxd5
Nxd5 9. Bd2 e5 10. Rc1 Nde7 11. Bg5 f6 12. Qb3+ Kh8 13. Be3 b6 14. Nd2 Na5 15.
Qc2 Bb7 16. Bxb7 Nxb7 17. Nb3 Rc8 18. Qd2 Nf5 19. Nd1 Qd7 20. f3 Rfd8 21. Qe1
Nbd6 22. Bf2 c4 23. dxc4 Nxc4 24. e4 Nd2 25. Qxd2 Qxd2 26. Rxc8 Qd7 27. Rxd8+
Qxd8 28. exf5 gxf5 29. Ne3 f4 30. Rd1 Qc8 31. Rc1 Qb7 32. gxf4 exf4 33. Nf5 Bf8
34. Kg2 Qd7 35. Nfd4 Kg7 36. Rc7 1-0

[Event "SV Bottrop 1 - SG Werl-Wickede 1"]
[Site "Verbandsliga - Gr. 1 2019/202"]
[Date "2019.11.17"]
[Round "3.1"]
[White "Schwarzkopf, Christian"]
[Black "Stadtmann, Jens"]
[Result "1/2-1/2"]
[WhiteElo "2062"]
[BlackElo "2155"]
[PlyCount "20"]
[EventDate "2019.??.??"]

1. e4 e6 2. d4 d5 3. exd5 exd5 4. Nf3 c6 5. Bd3 Bd6 6. O-O Ne7 7. c3 Bf5 8.
Bxf5 Nxf5 9. Qd3 Ne7 10. Re1 Nd7 1/2-1/2

[Event "SV Bottrop 1 - SG Werl-Wickede 1"]
[Site "Verbandsliga - Gr. 1 2019/202"]
[Date "2019.11.17"]
[Round "3.2"]
[White "Boehm, Joachim"]
[Black "Stolle, Dietmar"]
[Result "1/2-1/2"]
[WhiteElo "2209"]
[BlackElo "2016"]
[PlyCount "94"]
[EventDate "2019.??.??"]

1. Nf3 d5 2. c4 c6 3. b3 Bf5 4. g3 Nf6 5. Bg2 e6 6. O-O Nbd7 7. Bb2 Be7 8. d3
O-O 9. Nh4 Bg6 10. Nxg6 hxg6 11. Nd2 Qb6 12. e3 Rfd8 13. Qc2 Rac8 14. Rab1 a5
15. Nf3 Qc7 16. Rbc1 Qb8 17. Bc3 Qa7 18. Bd4 Qa6 19. Rfd1 Ba3 20. Rb1 b5 21.
Bf1 Ne8 22. e4 f6 23. e5 Kf7 24. Re1 Bb4 25. Re3 Nf8 26. Bb2 Be7 27. h4 c5 28.
Rbe1 bxc4 29. bxc4 d4 30. R3e2 Rb8 31. Bg2 Rb6 32. Bc1 Rdb8 33. Qd2 a4 34. Qf4
Kg8 35. g4 a3 36. g5 f5 37. Nd2 Qa5 38. Qg3 Nc7 39. f4 Na6 40. Bf1 Nb4 41. Nb1
Nxd3 42. Qxd3 Rxb1 43. Bd2 Qb6 44. Ba5 Qb7 45. Rxb1 Qxb1 46. Qxb1 Rxb1 47. Rd2
Ra1 1/2-1/2

[Event "SV Bottrop 1 - SG Werl-Wickede 1"]
[Site "Verbandsliga - Gr. 1 2019/202"]
[Date "2019.11.17"]
[Round "3.3"]
[White "Beulertz, Stefan"]
[Black "Mohrholz, Uwe"]
[Result "1-0"]
[WhiteElo "2056"]
[BlackElo "1992"]
[PlyCount "31"]
[EventDate "2019.??.??"]

1. e4 c5 2. d3 g6 3. f4 Bg7 4. Nf3 d6 5. Be2 Nc6 6. O-O b5 7. c3 Qb6 8. Kh1 e6
9. Be3 Nge7 10. Na3 O-O 11. Nc2 a5 12. Qe1 Ba6 13. d4 c4 14. d5 Nd4 15. Nfxd4
exd5 16. Ne6 1-0

[Event "SV Bottrop 1 - SG Werl-Wickede 1"]
[Site "Verbandsliga - Gr. 1 2019/202"]
[Date "2019.11.17"]
[Round "3.4"]
[White "Nowak, Steven"]
[Black "Lampe, Thomas"]
[Result "1-0"]
[WhiteElo "1954"]
[BlackElo "1919"]
[Annotator "Daniel"]
[PlyCount "79"]
[EventDate "2019.??.??"]

1. Nf3 Nf6 2. b3 d5 3. g3 Bf5 4. Bg2 e6 5. Bb2 Be7 6. d3 c6 7. O-O h5 8. c4
Nbd7 9. Re1 Qb6 10. Nc3 dxc4 11. Na4 Qa5 12. Bc3 Bb4 13. Bxb4 Qxb4 14. dxc4 Rd8
$11 15. a3 Qe7 16. Qc1 Ne4 17. Qe3 Ndc5 18. Nc3 Nxc3 19. Qxc3 O-O 20. b4 Ne4
21. Qe3 c5 22. Nh4 Qg5 23. Qxg5 Nxg5 24. Nxf5 exf5 25. Bxb7 Rb8 26. Bd5 cxb4
27. axb4 Rxb4 28. Rxa7 Rb2 29. Re7 Ne4 30. Bxe4 fxe4 31. Rxe4 Rc2 32. Rd1 Rc8
33. Rdd4 g6 34. e3 Kg7 35. h4 Rc7 36. Kg2 f5 37. Re6 R7xc4 38. Rd7+ Kh6 39.
Ree7 g5 40. Re6# 1-0

[Event "SV Bottrop 1 - SG Werl-Wickede 1"]
[Site "Verbandsliga - Gr. 1 2019/202"]
[Date "2019.11.17"]
[Round "3.5"]
[White "Scheibe, Andreas"]
[Black "Masberg, Stefan"]
[Result "0-1"]
[WhiteElo "1799"]
[BlackElo "1939"]
[PlyCount "38"]
[EventDate "2019.??.??"]

1. Nf3 Nf6 2. c4 c5 3. g3 g6 4. Bg2 Bg7 5. Nc3 Nc6 6. a3 O-O 7. Rb1 d5 8. cxd5
Nxd5 9. Nxd5 Qxd5 10. O-O Qa2 11. Qc2 Be6 12. d4 cxd4 13. Nd2 Rac8 14. Be4 Rfd8
15. Qa4 Bf5 16. Bxf5 gxf5 17. b4 d3 18. exd3 Nd4 19. Qd1 Rc2 0-1

[Event "SV Bottrop 1 - SG Werl-Wickede 1"]
[Site "Verbandsliga - Gr. 1 2019/202"]
[Date "2019.11.17"]
[Round "3.6"]
[White "Gierse, Heinz-Dieter"]
[Black "Brunberg, Ingo"]
[Result "1-0"]
[WhiteElo "1914"]
[BlackElo "1774"]
[PlyCount "91"]
[EventDate "2019.??.??"]

1. Nf3 Nf6 2. g3 g6 3. Bg2 Bg7 4. d3 O-O 5. e4 d6 6. O-O Nc6 7. c3 e5 8. h3 h6
9. b4 Be6 10. Qe2 Qd7 11. Kh2 Ne8 12. Bb2 f5 13. b5 Nd8 14. Nh4 Kh7 15. exf5
gxf5 16. Na3 c6 17. bxc6 bxc6 18. f4 exf4 19. Rxf4 Be5 20. Raf1 Bxf4 21. Rxf4
Rb8 22. Bc1 d5 23. Nc2 c5 24. Qe5 Qg7 25. d4 c4 26. Nb4 Nc7 27. Nf3 a5 28. Nc2
Rb1 29. Rh4 Rf6 30. Qf4 Kg8 31. Bd2 Rb2 32. Ne3 Rxa2 33. Rh5 Rb2 34. Qh4 Nb7
35. Nd1 Rb1 36. Nf2 Kh7 37. Bf4 Ne8 38. Ng5+ Kg8 39. Nxe6 Rxe6 40. Bxd5 Qf7 41.
Rxh6 Rh1+ 42. Nxh1 Re2+ 43. Bg2 Qd5 44. Rh8+ Kg7 45. Qh6+ Kf7 46. Qh5+ 1-0